Byzance : L'Empire romain d'Orient (notice n° 1925332)
[ vue normale ]
| 000 -LEADER | |
|---|---|
| fixed length control field | 01403cam a2200133 4500500 |
| 005 - DATE AND TIME OF LATEST TRANSACTION | |
| control field | 20260329023202.0 |
| 041 ## - LANGUAGE CODE | |
| Language code of text/sound track or separate title | fre |
| 042 ## - AUTHENTICATION CODE | |
| Authentication code | dc |
| 100 10 - MAIN ENTRY--PERSONAL NAME | |
| Personal name | Cheynet, Jean-Claude |
| Relator term | author |
| 245 00 - TITLE STATEMENT | |
| Title | Byzance : L'Empire romain d'Orient |
| 260 ## - PUBLICATION, DISTRIBUTION, ETC. | |
| Name of publisher, distributor, etc. | Armand Colin,<br/> |
| Date of publication, distribution, etc. | 2021.<br/> |
| 520 ## - SUMMARY, ETC. | |
| Summary, etc. | L’Empire romain d’Orient a vu le jour sur les rives du Bosphore, lorsque Constantin, premier empereur chrétien, fonda la nouvelle Rome, Constantinople. Pendant un millénaire, dans la continuité avec les institutions romaines, une civilisation brillante s’y est développée, au carrefour de l’Europe et de l’Asie. Elle a ainsi participé à la formation de l’Europe moderne, en conservant un État qui, ailleurs, s’était décomposé, en transmettant le droit, en maintenant tant bien que mal des relations avec le monde méditerranéen chrétien et musulman. Mais surtout, malgré les crises, elle a forgé un modèle politique, celui de la monarchie de droit divin. Byzance a laissé un triple héritage, temporel, qui passa aux Turcs, spirituel, qui resta aux peuples orthodoxes, et intellectuel, dont profita surtout l’Occident. Politique, militaire, économique, religieuse, intellectuelle et artistique, c’est toute la richesse de cet Empire que s’attache à présenter ici l’auteur. |
| 856 41 - ELECTRONIC LOCATION AND ACCESS | |
| Uniform Resource Identifier | <a href="https://shs.cairn.info/byzance--9782200632182?lang=fr&redirect-ssocas=7080">https://shs.cairn.info/byzance--9782200632182?lang=fr&redirect-ssocas=7080</a> |
Pas d'exemplaire disponible.




Réseaux sociaux